Statystyki dla 10 Największych Miast Województwa Podlaskiego

Kliknij tutaj aby rozwiązać quiz!

Ogólne statystyki

  • Ten quiz został rozwiązany 1 069 razy
  • Średni wynik to 7 z 10

Statystyki odpowiedzi

Lp.Liczba LudnościMiasto% Poprawnych
1.297,288Białystok
100%
2.69,554Suwałki
93%
3.63,092Łomża
85%
4.30,270Augustów
79%
8.20,919Hajnówka
63%
5.25,611Bielsk Podlaski
62%
7.22,049Grajewo
56%
6.22,173Zambrów
54%
9.18,331Sokółka
51%
10.15,689Łapy
36%

Rozkład punktacji

Percentyl według liczby udzielonych odpowiedzi

Procent ludzi z każdym wynikiem

Twoja historia wyników

Nie rozwiązałeś tego quizu